HEAT AND MASS TRANSFER :FUNDAMENTALS & APPLICATIONS. (Record no. 14326)

MARC details
000 -LEADER
fixed length control field 00396nam a22001577a 4500
003 - CONTROL NUMBER IDENTIFIER
control field SGT
020 ## - INTERNATIONAL STANDARD BOOK NUMBER
International Standard Book Number 978-93-392-2319-9
082 ## - DEWEY DECIMAL CLASSIFICATION NUMBER
Classification number 536.2
Item number CEN
100 ## - MAIN ENTRY--PERSONAL NAME
Personal name CENGEL,YUNUS.A.
245 ## - TITLE STATEMENT
Title HEAT AND MASS TRANSFER :FUNDAMENTALS & APPLICATIONS.
250 ## - EDITION STATEMENT
Edition statement 5TH
260 ## - PUBLICATION, DISTRIBUTION, ETC. (IMPRINT)
Place of publication, distribution, etc NEW DELHI
Name of publisher, distributor, etc MC-GRAW HILL EDUCATIONS
Year of Publication 2016
300 ## - PAGE DESCRIPTION
No. of Pages 944
650 ## - SUBJECT ADDED ENTRY--TOPICAL TERM
Topical term or geographic name as entry element MECHANICAL ENGINEERING
942 ## - ADDED ENTRY ELEMENTS (KOHA)
Source of classification or shelving scheme Dewey Decimal Classification
Koha item type Books
942 ## - ADDED ENTRY ELEMENTS (KOHA)
-- 4
Holdings
Withdrawn status Lost status Source of classification or shelving scheme Damaged status Not for loan Collection code Home library Current library Shelving location Date acquired Vendor Name Cost, normal purchase price SGTU Bill Number Total Checkouts Full call number Accession No. (Barcode) Date last seen Date last borrowed Bill Date Koha item type Total Renewals
    Dewey Decimal Classification     ENGINEERING SGT Engineering Library SGT Engineering Library Text Book 28/12/2017 KIRTI PRAKASHAN (NEW DELHI ) 735.00 SGTU IN1297 2 536.2 CEN FE6881 20/09/2018 29/08/2018   Books  
    Dewey Decimal Classification     ENGINEERING SGT Engineering Library SGT Engineering Library Text Book 28/12/2017 KIRTI PRAKASHAN (NEW DELHI ) 735.00 SGTU IN1297 8 536.2 CEN FE6882 10/06/2023 01/06/2023   Books 2
    Dewey Decimal Classification     ENGINEERING SGT Engineering Library SGT Engineering Library Text Book 28/12/2017 KIRTI PRAKASHAN (NEW DELHI ) 735.00 SGTU IN1297 2 536.2 CEN FE6883 05/04/2019 05/04/2019   Books  
    Dewey Decimal Classification     ENGINEERING SGT Engineering Library SGT Engineering Library Text Book 28/12/2017 KIRTI PRAKASHAN (NEW DELHI ) 735.00 SGTU IN1297 10 536.2 CEN FE6884 15/06/2023 06/06/2023   Books 1
    Dewey Decimal Classification     ENGINEERING SGT Engineering Library SGT Engineering Library Text Book 28/12/2017 KIRTI PRAKASHAN (NEW DELHI ) 735.00 SGTU IN1297 10 536.2 CEN FE6885 23/12/2022 21/12/2022   Books 1